| 000 | 00447nam a2200121 a 4500 | ||
|---|---|---|---|
| 001 | 000046205 | ||
| 005 | 20201002052715.0 | ||
| 008 | 150706s2000 dr ac 000 0 spa d | ||
| 040 |
_aDO-SdBNP _bspa _cBNPHU |
||
| 245 | 0 | 0 |
_aToma de posesión, Presidente y vicepresidente Hipolito Mejía, Milagros María Ortiz Bosch : _bprograma presidencial de gala 2000. |
| 260 |
_aSanto Domingo : _bEditora Manatí, _c2000. |
||
| 300 |
_a16 p. : _bil., retrs. ; _c22 cm. |
||
| 999 |
_c45694 _d45694 |
||